000 00677nam a2200277Ia 4500
005 20260324120416.0
008 008 260324s9999 xx 000 0 eng d
020 _a9781849775816
037 _aEBOOK
040 _aCRL
040 _beng
040 _cCRL
041 _2eng
041 _aeng
084 _qCRL
100 _aHelen Young; Lisa Goldman
_91158450
245 0 _aLivelihoods, Natural Resources, and Post-Conflict Peacebuilding
260 _bTaylor and Francis
260 _c2015
365 _a
365 _b230
856 _uhttp://www.taylorfrancis.com/books/9781849775816
942 _cEBOOK
999 _c1749971
_d1749971